Ulice, place i mosty z tramwajem w Poznaniu - Statystyki

Ogólne statystyki
  • Ten quiz został rozwiązany 40 razy
  • Średni wynik to 9 z 66
Statystyki odpowiedzi
Hint Odpowiedź % Poprawnych
1,16,18 Piaśnicka
44%
2,9,10,19 28 Czerwca 1956 roku
39%
2,9,19 Górna Wilda
39%
1,6,13,15 Grunwaldzka
39%
1,3,17 Chartowo
33%
1,7,11,17 Hetmańska
33%
2,6,9,12,18,19 Królowej Jadwigi
28%
1,7 Reymonta
28%
9,11 Aleja Wielkopolska
22%
2,8,18 Dąbrowskiego
22%
1,7,11 Most Przemysła I
22%
2,9,19 Strzelecka
22%
3,11 Unii Lubelskiej
22%
6,8 Warszawska
22%
10 Wierzbięcice
22%
1,3,17 Żegrze
22%
3,7,8,9,16,19 Fredry
17%
5,11,14,17 Głogowska
17%
5,6,7,13,17,18 Jana Pawła II
17%
2 Kraszewskiego
17%
9,11 Małopolska
17%
3,5,13,16 Mostowa
17%
3,5,13,16 Plac Bernardyński
17%
2 Zwierzyniecka
17%
2,3,5,9,13,16,19 27 Grudnia
11%
7,19 Aleje Solidarności
11%
3,5,13,16 Dowbora-Muśnickiego
11%
3,5,13,16 Kórnicka
11%
3,5,13,16 Lewandowskiej
11%
7,8,17 Małe Garbary
11%
7,8,17 Mielżyńskiego
11%
6,12,18 Most Królowej Jadwigi
11%
3,5,13,16 Most Świętego Rocha
11%
7,19 Murawa
11%
7,8,17 Plac Ratajskiego
11%
2,3,5,9,13,16,19 Podgórna
11%
3,7,9,10,11,19 Pułaskiego
11%
12,13,17 Starołęcka
11%
5,17 Towarowa
11%
3,7,10,19 Winogrady
11%
9,11 Witosa
11%
9,11 Wołyńska
11%
12,14 Zachodnia
11%
7,12,13 Zamenhofa
11%
3,10 Aleja Praw Kobiet
6%
2,3,5,9,13,16,19 Aleje Marcinkowskiego
6%
7,8,17 Estkowskiego
6%
2,5,9,13,16,17,19 Gwarna
6%
6,12,18 Krzywoustego
6%
6,10,12,18 Matyi
6%
7,8,17 Most Chrobrego
6%
5,6,10,12,17,18 Most Dworcowy
6%
7,8,17 Most Mieszka I
6%
2,3,13 Most Uniwersytecki
6%
3,10 Naramowicka
6%
7,8,17 Plac Wielkopolski
6%
2,3,5,9,13,16,19 Plac Wiosny Ludów
6%
2,3,5,9,13,16,19 Plac Wolności
6%
5 Podwale
6%
3,10 Przełajowa
6%
7 Przybyszewskiego
6%
3,6,7,9,10,11,13,15,16,18,19 Roosevelta
6%
2,3,5,9,13,16,17,19 Święty Marcin
6%
7,8,17 Wolnica
6%
7,8,17 23 lutego
0%
7,8,17 Wyszyńskiego
0%
Nie znaleziono quizów pasujących do podanych kryteriów
Rozkład punktacji
Procent ludzi z każdym wynikiem
Percentyl według liczby udzielonych odpowiedzi
Twoja historia wyników
Nie rozwiązałeś tego quizu